Loading...
Science - Physics | 1 | 4 | 0 | 2 | 55 | 68 | 99.00 | 0 | 3 |
History - American History | 0 | 5 | 0 | 2 | 50 | 84 | 108.80 | 1 | 4 |
Science - Biology | 0 | 4 | 0 | 3 | 40 | 111 | 117.50 | 1 | 4 |
Beliefs | 1 | 2 | 1 | 0 | 30 | 70 | 76.00 | 3 | 3 |
Science - Other Science | 2 | 1 | 2 | 0 | 30 | 31 | 55.33 | 2 | 2 |
Literature - American Literature | 0 | 2 | 0 | 0 | 20 | 125 | 127.00 | 0 | 2 |
Current Events | 0 | 2 | 0 | 1 | 20 | 78 | 100.50 | 0 | 1 |
Social Science | 0 | 2 | 1 | 1 | 15 | 108 | 109.00 | 0 | 1 |
History - World History | 1 | 0 | 0 | 0 | 15 | 38 | 38.00 | 1 | 1 |
Literature - European Literature | 1 | 0 | 0 | 0 | 15 | 48 | 48.00 | 0 | 1 |
Other Academic | 0 | 1 | 0 | 0 | 10 | 68 | 68.00 | 1 | 1 |
Philosophy | 0 | 1 | 0 | 0 | 10 | 108 | 108.00 | 1 | 1 |
Literature - British Literature | 0 | 1 | 0 | 1 | 10 | 139 | 139.00 | 0 | 1 |
Science - Chemistry | 0 | 1 | 0 | 0 | 10 | 76 | 76.00 | 0 | 1 |
History - European History | 0 | 1 | 0 | 0 | 10 | 66 | 66.00 | 1 | 1 |
Geography | 0 | 1 | 0 | 0 | 10 | 79 | 79.00 | 0 | 1 |
Fine Arts - Other Arts | 0 | 1 | 0 | 0 | 10 | 138 | 138.00 | 0 | 1 |